Kemalizmde ve kemalizm sonrasında Türk kadını (Record no. 13359)

MARC details
000 -BAŞLIK
Sabit Uzunlukta Kontrol Alanı 00988na a2200301 4500
999 ## - SİSTEM KONTROL NUMARALARI (KOHA)
Koha Biblionumber 13359
Koha Biblioitemnumber 13359
001 - KONTROL NUMARASI
Denetim Alanı 14151
003 - KONTROL NUMARASI IDENTIFIER
Denetim Alanı MIRAKIL
005 - SON İŞLEM TARİHİ VE ZAMANI
Denetim Alanı 20190628175742.0
008 - SABİT-BOY VERİ ELEMANLARI - GENEL BİLGİLER
Sabit Uzunlukta Kontrol Alanı 160920b tu 000 0
035 ## - SİSTEM KONTROL NUMARASI
Sistem Kontrol Numarası 14151
040 ## - KATALOGLAMA KAYNAK
Orijinal Kataloglama Ajansı Milas
Kataloglama Dili tur
Metne Dönüştürmek Ajansı TR-AnCHP
082 ## - DEWEY ONLU SINIFLANDIRMA NUMARASI
Sınıflandırma Numarası 305.4
Ürün Numarası C26k 1982
090 ## - SINIFLAMA NUMARASI
Sınıflama Numarası 305.4 C26k 1982
100 ## - ANA GİRİŞ - KİŞİSEL İSİM
Kişisel Ad Caporal, Bernard
245 ## - BAŞLIK TABLOSU
Başlık Kemalizmde ve kemalizm sonrasında Türk kadını
Başlığın Kalan 1919-1970
Sorumluluk Tablosu, Vb Bernard Caporal
260 ## - YAYIN, DAĞITIM, VB
Yayın, Dağıtım, Vb Yeri Ankara
Yayıncı, Dağıtıcı, Vs Adı Türkiye iş bankası kültür yayınları
Yayın, Dağıtım, Vb Tarihi 1982
300 ## - FİZİKSEL TANIM
Kapsam xvi, 838 s.
Boyutlar 20 sm.
490 ## - SERİSİ TABLOSU
Seri Beyanı Türkiye İş Bankası Kültür yayınları
Hacim / Ardışık Tanımı 233
490 ## - SERİSİ TABLOSU
Seri Beyanı Atatürk'ün Doğumunun 100. Yılı dizisi
Hacim / Ardışık Tanımı 9
504 ## - KAYNAKÇA VB NOT
Kaynakça Vb Notu Kaynakça var.
600 ## - KONU KATMA GİRİŞ - KURUMSAL ADI
Kişisel Ad Atatürk, Mustafa Kemal
Bir Adıyla İlişkilendirilen Tarihler 1881-1938
650 ## - KONU KATMA GİRİŞ - TOPİKAL DÖNEM
Topikal Süreli Veya Coğrafi Ad Giriş Elemanı Kadınlar
Genel Alt Bölümü Toplumsal yaşam
Kronolojik Alt Bölümü Tarih
Coğrafi Alt Bölümü Türkiye
650 ## - KONU KATMA GİRİŞ - TOPİKAL DÖNEM
Topikal Süreli Veya Coğrafi Ad Giriş Elemanı Kadınlar
Genel Alt Bölümü Sosyo ekonomik durum
Coğrafi Alt Bölümü Türkiye
650 ## - KONU KATMA GİRİŞ - TOPİKAL DÖNEM
Topikal Süreli Veya Coğrafi Ad Giriş Elemanı Kadınlar
Genel Alt Bölümü Hukuksal durum, yasalar vb.
942 ## - EKLENDİ GİRİŞ ELEMANLARI (KOHA)
Koha Öğesi Türü Books
Sınıflandırma Veya Raf Düzeni Kaynak Dewey Decimal Classification
999 ## - SİSTEM KONTROL NUMARALARI (KOHA)
Koha Biblioitemnumber 13359
999 ## - SİSTEM KONTROL NUMARALARI (KOHA)
Koha Biblioitemnumber 1564
Holdings
Kalıcı Konum Mevcut Konum Edinme Tarihi Toplam Check-Out'Lar Tam Çağrı Numarası Barkod Tarih Son Görülme İtibaren Geçerli Fiyatlar Sigara Kamu Notu Koha Öğesi Türü
Parti Okulu Kütüphanesi Parti Okulu Kütüphanesi 06/28/2019   305.4 C26k 1982 P00525 06/28/2019 06/28/2019 Ertuğrul Çepni bağışıdır. Books